000 00775cam a2200277 4500
008 090401t1995 xxu||||| |||| 00| 0 eng d
020 _a1860810128
035 _a(Sirsi) u58575
041 _aeng
050 _a729.28
100 _aLittlefair, P.J.
245 _aDaylighting design for display-screen equipment.
260 _aGarston, Watford
_bBuilding Research Establishment
_c1995
300 _a(4)p. : ill. ; 30cm.
350 _a0
490 _aBRE Information Paper
_v10/95
650 _aDAYLIGHT
650 _aDISPLAY-SCREEN EQUIPMENT
650 _aLIGHTING
650 _aVDUS
650 _aVISUAL DISPLAY UNITS
690 _aBUILT ENVIRONMENT-CONSTRUCTION DESIGN
710 _aBuilding Research Establishment
942 _n0
948 _c04/03/1997
999 _c94079
_d94079